000 00908nam a22003490a 4500
001 PT36367
003 AR-LpoUNG
005 20210131230353.0
008 191001s2009||||ag |||||||||||||||||spa d
020 _a9789500730358
_c$8.75
040 _aAR-LpoUNG
_bspa
_cAR-LpoUNG
_eaacr
041 _aspa
044 _aag
082 0 _a982.04 314ros
100 1 _aGelman, Jorge
245 1 0 _aRosas bajo fuego :
_blos franceses, Lavalle y la rebelión de los estancieros
250 _a1ra ed.
260 _aBuenos Aires :
_bSudamericana,
_c2009.
300 _a218 p. :
_bil.
650 4 _aANALISIS HISTORICO
650 4 _aARGENTINA
650 4 _aASPECTOS ECONOMICOS
650 4 _aASPECTOS POLITICOS
650 4 _aCRISIS POLITICA
650 4 _aELITE
650 4 _aHISTORIA
650 4 _aHISTORIA POLITICA
650 4 _aPODER POLITICO
651 4 _aArgentina
905 _a36367
942 _cLIB
999 _c3020
_d3020